<?xml version="1.0" encoding="UTF-8"?>
<record
    xmlns:xsi="http://www.w3.org/2001/XMLSchema-instance"
    xsi:schemaLocation="http://www.loc.gov/MARC21/slim http://www.loc.gov/standards/marcxml/schema/MARC21slim.xsd"
    xmlns="http://www.loc.gov/MARC21/slim">

  <leader>01144nam a22002417a 4500</leader>
  <controlfield tag="003">BI-BuBU</controlfield>
  <controlfield tag="008">260616b202616/6BD ||||f |||| 00| 0 fre d</controlfield>
  <datafield tag="037" ind1=" " ind2=" ">
    <subfield code="b">Don de l&#xB4;auteur</subfield>
  </datafield>
  <datafield tag="039" ind1=" " ind2=" ">
    <subfield code="a">20260616131002.0</subfield>
    <subfield code="b">Jean Baptiste Ndikumana</subfield>
  </datafield>
  <datafield tag="040" ind1=" " ind2=" ">
    <subfield code="a">BI-BuBU</subfield>
    <subfield code="b">fre</subfield>
    <subfield code="c">BI-BuBU</subfield>
    <subfield code="d">BI-BuBU</subfield>
  </datafield>
  <datafield tag="080" ind1=" " ind2=" ">
    <subfield code="a">635.965.281.5</subfield>
  </datafield>
  <datafield tag="100" ind1="1" ind2=" ">
    <subfield code="4">aut</subfield>
    <subfield code="a">Nigarura,Ariel</subfield>
  </datafield>
  <datafield tag="245" ind1="1" ind2="0">
    <subfield code="a">Impacts de la jacinthe d&#xB4;eau eichhornia crassipes sur les param&#xE8;tres physico-chimiques et la diversit&#xE9; piscicole dans le littoral Nord-Est du lac tanganyika</subfield>
    <subfield code="c">Ariel Nigarura;Claver Sibomana,directeur</subfield>
  </datafield>
  <datafield tag="260" ind1=" " ind2=" ">
    <subfield code="a">Bujumbura</subfield>
    <subfield code="b">universit&#xE9; du Burundi,Facult&#xE9; des Sciences</subfield>
    <subfield code="c">2025</subfield>
  </datafield>
  <datafield tag="300" ind1=" " ind2=" ">
    <subfield code="a">XI-46f</subfield>
    <subfield code="c">30cm</subfield>
  </datafield>
  <datafield tag="502" ind1=" " ind2=" ">
    <subfield code="a">M&#xE9;moire pr&#xE9;sent&#xE9; en vue d&#xB4;obtention du Dipl&#xF4;me de Master en Biologie des Organismes et &#xC9;cologie</subfield>
  </datafield>
  <datafield tag="650" ind1=" " ind2="7">
    <subfield code="2">BI-BuBU</subfield>
    <subfield code="a">Jacinthe d&#xB4;eau eichhornia crassipes</subfield>
    <subfield code="v">Param&#xE8;tre physico-chimique</subfield>
    <subfield code="z">Lac tanganyika (Littoral Nord-Est)</subfield>
  </datafield>
  <datafield tag="650" ind1=" " ind2="7">
    <subfield code="a">Jacinthe d&#xB4;eau eichhornia crassipes</subfield>
    <subfield code="v">Diversit&#xE9; piscicole</subfield>
    <subfield code="z">Lac tanganyika ( Littoral Nord-Est)</subfield>
  </datafield>
  <datafield tag="655" ind1=" " ind2="7">
    <subfield code="2">BI-BuBU</subfield>
  </datafield>
  <datafield tag="700" ind1="1" ind2=" ">
    <subfield code="4">dir.</subfield>
    <subfield code="a">Sibomana Claver</subfield>
  </datafield>
  <datafield tag="710" ind1=" " ind2=" ">
    <subfield code="4">aut</subfield>
    <subfield code="a">Facult&#xE9; des Sciences</subfield>
  </datafield>
  <datafield tag="942" ind1=" " ind2=" ">
    <subfield code="2">udc</subfield>
    <subfield code="c">MEM</subfield>
  </datafield>
  <datafield tag="999" ind1=" " ind2=" ">
    <subfield code="c">54029</subfield>
    <subfield code="d">54029</subfield>
  </datafield>
  <datafield tag="952" ind1=" " ind2=" ">
    <subfield code="0">0</subfield>
    <subfield code="1">0</subfield>
    <subfield code="2">udc</subfield>
    <subfield code="4">0</subfield>
    <subfield code="7">0</subfield>
    <subfield code="9">85888</subfield>
    <subfield code="a">BC</subfield>
    <subfield code="b">BC</subfield>
    <subfield code="d">2026-06-16</subfield>
    <subfield code="e">don de l&#xB4;auteur</subfield>
    <subfield code="l">0</subfield>
    <subfield code="o">635.965.281.5 NIG.</subfield>
    <subfield code="p">5010000673000</subfield>
    <subfield code="r">2026-06-16</subfield>
    <subfield code="w">2026-06-16</subfield>
    <subfield code="y">MEM</subfield>
  </datafield>
</record>
